00708cam a2200217 i 45000010005000000030008000050050017000130080041000300350018000710400034000890410008001230820019001311000028001502450098001782600043002763000027003195040051003466100040003976510022004377000031004595746BD-RjUL20211208234123.0140107s1974 nyu b 001 0 eng d a(BD-RjUL)5785 aDLCcDLCdDLCd(BD-RjUL)beng aeng00a355.03304bWIC1 aWilliams, Geoffrey Lee.10aCrisis in European defence :bthe next ten years /cGeoffrey Lee Williams, Alan Lee Williams. aNew York :bSt. Martin's Press,c1974. axvii, 334 p. ;c23 cm. aIncludes bibliographical references and index.20aNorth Atlantic Treaty Organization. 0aEuropexDefenses.1 aWilliams, Alan Lee,d1930-